Bilecik Bilecik Bilecik Bilecik Bilecik

Yemek bağımlılığı: size kilo aldıran yiyeceklerden 28 günde vazgeçme programı/ (Record no. 72005)

MARC details
000 -BAŞLIK
Sabit Uzunluktaki Kontrol Alanı 01233nam a22003977a 4500
001 - KONTROL NUMARASI
Control Dosyası 0071251
003 - KONTROL NUMARASI KİMLİĞİ
Kontrol Alanı KOHA_MİRAKIL
005 - EN SON İŞLEM TARİHİ ve ZAMANI
Kontrol Alanı 20260207005001.0
007 - FİZİKSEL TANIM SABİT ALAN - GENEL BİLGİ
Sabit uzunluklu kontrol alanı ta
008 - SABİT UZUNLUKTAKİ VERİ ÖGELERİ - GENEL BİLGİ
Sabit Alan 240730b2017 tu |||gr||||#0|||0|tur |
020 ## - ISBN - ULUSLARARASI STANDART KİTAP NUMARASI
Isbn 9789751415509
040 ## - KATALOGLAMA KAYNAĞI
Özgün Kataloglama Kurumu TR-BiSEU
Kataloglama Dili tur
Çeviri Kurumu TR-BiSEU
Açıklama Kuralları rda
041 0# - DİL KODU
Metin ya da ses kaydının dil kodu tur
044 ## - YAYINLAYAN/ÜRETEN KURULUŞUN ÜLKE KODU
ISO country code tu
050 ## - SINIFLAMA ve YER NUMARASI
Sınıflama Numarası RM222.2
Yer Numarası .D69 2017
100 1# - KİŞİ ADI
Yazar Adı (Kişi adı) Dow, Mike.
245 1# - ESER ADI BİLDİRİMİ
Başlık Yemek bağımlılığı: size kilo aldıran yiyeceklerden 28 günde vazgeçme programı/
Sorumluluk Bildirimi Mike Dow ; Mike Dow; Türkçesi Müge Yalçın.
250 ## - BASIM BİLDİRİMİ
Basım Bildirimi 4. Basım
264 #1 - ÜRERİM, YAYIN, DAĞITIM ve TELİF BİLDİRİMİ
Yayın yeri İstanbul :
Yayınlayan Remzi Kitabevi
Yayın tarihi 2017
300 ## - FİZİKSEL TANIMLAMA
Sayfa, Cilt vb. 408 sayfa; 20 cm.
336 ## - İÇERİK TÜRÜ
Content type term metin
Content type code txt
Source rdacontent
337 ## - MEDYA TÜRÜ
Media type term aracısız
Media type code n
Source rdamedia
338 ## - TAŞIYICI TÜRÜ
Carrier type term cilt
Carrier type code nc
Source rdacarrier
500 ## - GENEL NOT
Genel Not Kaynakça ve dizin var.
500 ## - GENEL NOT
Genel Not Özgün eser adı: Diet rehab.
650 #0 - KONU BAŞLIĞI EK GİRİŞ - KONU TERİMİ
Konusal terim veya coğrafi ad Zayıflama diyetleri.
9 (RLIN) 62550
650 #0 - KONU BAŞLIĞI EK GİRİŞ - KONU TERİMİ
Konusal terim veya coğrafi ad Kişisel bakım--Sağlık.
9 (RLIN) 82902
650 #0 - KONU BAŞLIĞI EK GİRİŞ - KONU TERİMİ
Konusal terim veya coğrafi ad Beslenme.
9 (RLIN) 1530
650 #0 - KONU BAŞLIĞI EK GİRİŞ - KONU TERİMİ
Konusal terim veya coğrafi ad Sağlıklı beslenme.
9 (RLIN) 6843
650 #0 - KONU BAŞLIĞI EK GİRİŞ - KONU TERİMİ
Konusal terim veya coğrafi ad Weight loss diets.
9 (RLIN) 140085
650 #0 - KONU BAŞLIĞI EK GİRİŞ - KONU TERİMİ
Konusal terim veya coğrafi ad Personal care--Health.
9 (RLIN) 140086
650 #0 - KONU BAŞLIĞI EK GİRİŞ - KONU TERİMİ
Konusal terim veya coğrafi ad Nutrition.
9 (RLIN) 2956
650 #0 - KONU BAŞLIĞI EK GİRİŞ - KONU TERİMİ
Konusal terim veya coğrafi ad Healthy eating.
9 (RLIN) 101250
907 ## - LOCAL DATA ELEMENT G, LDG (RLIN)
a Sağlık
942 ## - EK GİRİŞ ÖGELERİ (KOHA)
Source of classification or shelving scheme Library of Congress Classification
Koha item type Book
Holdings
Materyal Türü Kalıcı Konum Mevcut Konum Raf Yeri Sınıflandırma Kaynağı Edinim Bilgisi Ana Konular Alt Konular Yer Numarası Demirbaş Numarası Fatura Tarihi Geri Çekilme Durumu Kayıp Durumu Hasarlı Durumu Kredi için değil Kayıt Tarih Toplam Ödünçverme Son Görülme Tarihi Son Kontrol Tarihi Genel / Bağış Notu
Book Prof. Dr. Azmi Özcan Kütüphanesi Prof. Dr. Azmi Özcan Kütüphanesi Birûni Salonu Library of Congress Classification Bağış TIP Tedavi ediciler, Farmakoloji RM222.2 .D69 2017 0071251 02/02/2026         30/07/2024   17/03/2025 17/03/2025 Edibe BEKİN